000 00563cam a2200193ua 4500
001 4118
008 111215n ii |||gr||||Z||||||asm
040 _cMAIN
082 _a891.4513
100 1 _aBezbora, Nirajana Mahanta,
_eEditor.,
245 1 1 _aJeevanar bichitra rang
_cby Nirajana Mahanta Bezbora
250 _a1st.
260 _aDibrugarh:
_bAssamese deptt. dibrugarh university,
_c2005.
300 _a209p:
_c23cm.
653 _aAssamese short stories
653 _aJeevanar bichitra rang
700 1 _aChoudhury, Subasana Mahanta,
_eEditor.,
942 _cBK
999 _c3940
_d3940